States, Counties Of Capitals, and Largest Counties By Population - Statistics

General Stats
  • This quiz has been taken 9 times
  • The average score is 16 of 102
Answers on the Map
Answers color-coded by a green-red scale on the quiz's map according to % correct below.
 
Answer Stats
Population County % Correct
9,829,544 Los Angeles
100%
5,173,146 Cook
43%
4,728,030 Harris
43%
4,496,588 Maricopa
43%
2,641,052 Kings
29%
2,662,777 Miami-Dade
29%
511,931 Ada
14%
511,931 Ada
14%
316,659 Albany
14%
288,121 Anchorage
14%
594,582 Anne Arundel
14%
953,819 Bergen
14%
674,393 Bernalillo
14%
100,012 Burleigh
14%
58,036 Carson City
14%
186,562 Cass
14%
383,876 Chesterfield
14%
168,865 Chittenden
14%
2,292,476 Clark
14%
77,278 Cole
14%
305,231 Cumberland
14%
575,347 Dane
14%
712,334 Davidson
14%
716,577 Denver
14%
585,008 Douglas
14%
453,301 East Baton Rouge
14%
453,301 East Baton Rouge
14%
737,867 El Paso
14%
1,139,720 Fairfax
14%
959,768 Fairfield
14%
1,321,414 Franklin
14%
1,321,414 Franklin
14%
51,644 Franklin
14%
1,065,334 Fulton
14%
1,065,334 Fulton
14%
533,834 Greenville
14%
289,234 Harrisburg
14%
896,854 Hartford
14%
1,267,416 Hennepin
14%
422,937 Hillsborough
14%
222,679 Hinds
14%
222,679 Hinds
14%
1,000,890 Honolulu
14%
1,000,890 Honolulu
14%
17,624 Hughes
14%
284,637 Ingham
14%
777,874 Jefferson
14%
667,820 Jefferson
14%
613,219 Johnson
14%
31,555 Juneau
14%
177,952 Kanawha
14%
177,952 Kanawha
14%
127,259 Kennebec
14%
189,789 Kent
14%
2,269,675 King
14%
326,716 Lancaster
14%
100,863 Laramie
14%
100,863 Laramie
14%
296,913 Leon
14%
75,011 Lewis and Clark
14%
4,496,588 Maricopa
14%
971,102 Marion
14%
971,102 Marion
14%
346,741 Marion
14%
381,671 Mercer
14%
157,103 Merrimack
14%
1,614,742 Middlesex
14%
928,059 Milwaukee
14%
199,685 Minnehaha
14%
1,054,827 Montgomery
14%
224,980 Montgomery
14%
803,377 Multnomah
14%
571,708 New Castle
14%
798,575 Oklahoma
14%
798,575 Oklahoma
14%
1,576,251 Philadelphia
14%
496,844 Polk
14%
496,844 Polk
14%
658,221 Providence
14%
658,221 Providence
14%
397,821 Pulaski
14%
397,821 Pulaski
14%
536,075 Ramsey
14%
425,138 Richland
14%
1,584,288 Sacramento
14%
1,186,421 Salt Lake
14%
1,186,421 Salt Lake
14%
193,491 Sangamon
14%
155,956 Santa Fe
14%
177,746 Shawnee
14%
924,454 Shelby
14%
997,187 St. Louis
14%
768,425 Suffolk
14%
299,003 Thurston
14%
1,334,961 Travis
14%
1,150,204 Wake
14%
1,150,204 Wake
14%
60,142 Washington
14%
1,774,816 Wayne
14%
167,146 Yellowstone
14%
670,050 District of Columbia
0%
670,050 District of Columbia
0%
No matching quizzes found
Score Distribution
Percent of People with Each Score
Percentile by Number Answered
Your Score History
You have not taken this quiz